000 00315nam a2200121Ia 4500
008 240731s9999 xx 000 0 und d
022 _a1539-8293
245 0 _aJournal of Consumer Health on the Internet
260 _bRoutledge
856 _uhttps://www.tandfonline.com/loi/wchi20
942 _2ddc
942 _cTFEJ
999 _c77570
_d77570
945 _a1
_bMadushi Gamage
_c1
_dMadushi Gamage